| 000 | 02287 a2200301 4500 | ||
|---|---|---|---|
| 999 |
_c11317 _d11317 |
||
| 020 | _a9780323581943 | ||
| 050 |
_aRT55 _bSIL 2020 |
||
| 100 |
_aSilvestri, Linda Anne _e (author) |
||
| 245 |
_aSaunders 2020-2021 strategies for test success : _bpassing nursing school and the NCLEX exam / _cLinda Anne Silvestri, Angela E. Silvestri, Eileen H. Gray |
||
| 250 | _aSixth edition | ||
| 264 |
_aSt. Louis, Missouri : _b Elsevier, _c[2020] |
||
| 300 |
_axxiii, 232 pages : _bcolor illustrations |
||
| 336 |
_2rdacontent _atext _btxt |
||
| 337 |
_2rdamedia _aunmediated _bn |
||
| 338 |
_2rdacarrier _avolume _bnc |
||
| 504 | _aIncludes index | ||
| 505 | _aPart I. Study and test preparation. Preparing for nursing examinations ; Developing study skills ; Reducing text anxiety ; NCLEX preparation -- Part II. Strategies for success. Alternate item formats ; How to avoid "reading into the question" ; Positive and negative event queries ; Questions requiring prioritization ; Leading and managing, delegating, and assignment-making questions ; Communication questions ; Pharmacology, medication, and intravenous calculation questions ; Additional pyramid strategies -- Part III. Practice tests. Foundations of care questions ; Adult health questions ; Mental health questions ; Maternity questions ; Pediatric questions ; Pharmacology questions ; Delegating/prioritizing questions ; Leadership/management questions | ||
| 520 | _a"Help alleviate your pre-test jitters with this essential nursing resource! Written by the most trusted experts in NCLEX prep, "Saunders 2020-2021 Strategies for Test Success, 6th Edition" introduces tools for overcoming text anxiety and tactics for developing effective study habits. Essentially, it teaches you how to master the things that matter most on your nursing school exams: critical thinking, problem solving, and time management."--Publisher's description | ||
| 650 |
_aNursing -- Examinations _xStudy guides |
||
| 650 |
_aNursing _xExaminations, questions, etc |
||
| 650 | _a Nursing | ||
| 650 | _aNursing Care -- methods | ||
| 650 | _aTest Taking Skills -- methods | ||
| 650 | _aNursing Process | ||
| 700 |
_aSilvestri, Angela E. _e(author) |
||
| 700 |
_aGray, Eileen H. _e(author) |
||
| 942 |
_2lcc _cBK _eSixth edition _h55 _iSIL _kRT |
||